Tendencias económicas de la Unión Soviética.
Latinskoamerický pohľad na prestavbu v ZSSR. Tendencie ekonomického vývoja v ZSSR po r. 1985 v porovnaní s obdobím r. 1961-1985 - tempo rastu vybraných ekonomických ukazovateľov. Dve fázy prestavby. Sovietska ekonomika v r. 1990 a reformné programy. Program konsensu.
Salvato in:
| Autore principale: | |
|---|---|
| Natura: | Capitolo di libro |
| Lingua: | spagnolo |
| Soggetti: | |
| Tags: |
Nessun Tag, puoi essere il primo ad aggiungerne!!
|
MARC
| LEADER | 00000naa a2200000 4500 | ||
|---|---|---|---|
| 001 | r005406 | ||
| 005 | 20221130102754.0 | ||
| 041 | 0 | |a spa | |
| 044 | |a MX | ||
| 245 | 1 | 0 | |a Tendencias económicas de la Unión Soviética. |c G. Fujii Gambero |
| 520 | |a Latinskoamerický pohľad na prestavbu v ZSSR. Tendencie ekonomického vývoja v ZSSR po r. 1985 v porovnaní s obdobím r. 1961-1985 - tempo rastu vybraných ekonomických ukazovateľov. Dve fázy prestavby. Sovietska ekonomika v r. 1990 a reformné programy. Program konsensu. | ||
| 610 | 2 | 0 | |a rozvoj hospodársky |
| 610 | 2 | 0 | |a ZSSR |
| 610 | 2 | 0 | |a reformy hospodárske |
| 610 | 2 | 0 | |a tempo rastu hospodárskeho |
| 610 | 2 | 0 | |a 1985-1990 |
| 610 | 2 | 0 | |a ukazovatele ekonomické |
| 100 | 1 | |a Fujii Gambero, G. | |